| 000 | 00721nam a2200205 a 4500 | ||
|---|---|---|---|
| 003 | CO-ViMGA | ||
| 005 | 20230915233143.0 | ||
| 008 | 110118s2009 sp a gr 000 0dspa d | ||
| 020 | _a9788498352627 | ||
| 040 |
_aCO-ViMGA _bspa _cCO-ViMGA |
||
| 082 | 0 | 4 |
_a611.0181 _bM37c _220 |
| 100 | 1 |
_aMercé Alberto, Luis T. _95372 |
|
| 245 | 1 | 0 |
_aCélulas madre : _bpreguntas y respuestas sobre la donación y conservación de sangre del cordón umbilical / _cLuis T. Mercé. |
| 260 | 3 |
_aMadrid : _bEditorial Médica Panamericana, _c2009. |
|
| 300 |
_ax, 51 p. : _bil. ; _c20 cm. |
||
| 504 | _aIncluye bibliografía. | ||
| 650 | 1 | 4 |
_aCélulas madre _v Preguntas y respuestas. _95373 |
| 942 |
_2ddc _cREF |
||
| 949 |
_an _bn |
||
| 999 |
_c35963 _d35963 |
||